Catálogo
 En Linea

Internet la nueva herramienta en la investigación periodística : (Registro nro. 26083)

Detalles MARC
000 -CABECERA
campo de control de longitud fija 00682nam a2200181 a 4500
001 - NÚMERO DE CONTROL
campo de control 000026591
005 - FECHA Y HORA DE LA ÚLTIMA TRANSACCIÓN
campo de control 20200930030312.0
008 - DATOS DE LONGITUD FIJA--INFORMACIÓN GENERAL
campo de control de longitud fija 110323s2000 dr 000 | spa d
020 ## - NÚMERO INTERNACIONAL ESTÁNDAR DEL LIBRO
Número Internacional Estándar del Libro 9993452009
040 ## - FUENTE DE LA CATALOGACIÓN
Centro catalogador/agencia de origen DO-SdBNP
Lengua de catalogación spa
Centro/agencia transcriptor BNPHU
049 ## - FONDOS LOCALES (OCLC)
Fondos de biblioteca BNPD
100 1# - ENTRADA PRINCIPAL--NOMBRE DE PERSONA
Nombre de persona Iturbides, Matías,
Fechas asociadas al nombre 1965-
9 (RLIN) 53699
245 10 - MENCIÓN DE TÍTULO
Título Internet la nueva herramienta en la investigación periodística :
Resto del título guía para una investigación virtual /
Mención de responsabilidad, etc. Matías Iturbides ; prólogo de Onofre de la Rosa.
260 ## - PUBLICACIÓN, DISTRIBUCIÓN, ETC.
Lugar de publicación, distribución, etc. Santo Domingo :
Nombre del editor, distribuidor, etc. Ciguita,
Fecha de publicación, distribución, etc. 2000.
300 ## - DESCRIPCIÓN FÍSICA
Extensión 151 p. ;
Dimensiones 20 cm.
500 ## - NOTA GENERAL
Nota general Incluye datos del autor en la solapa de la cubierta delantera.
700 1# - PUNTO DE ACCESO ADICIONAL--NOMBRE DE PERSONA
Nombre de persona Rosa, Onofre de la,
Término indicativo de función/relación pról.
9 (RLIN) 53700
Existencias
Estado de retiro Estado de pérdida Restricciones de uso No para préstamo Código de colección Localización permanente Ubicación/localización actual Ubicación en estantería Fecha de adquisición Número de inventario Total de préstamos Signatura topográfica completa Código de barras Fecha visto por última vez Número de copia Precio válido a partir de Tipo de ítem Koha
        Dominicana de Servicio General General En catalogación 31.03.2011 LF1   26591-30 25.06.2020 e. 3 25.06.2020 Libro y Folleto Colección Dominicana de Servicio
      Excluido de préstamo Patrimonio Dominicano Patrimonio Dominicano Patrimonio Dominicano En catalogación 23.03.2011 LF1   26591-10 25.06.2020   25.06.2020 Libro y Folleto Colección Patrimonio Dominicano
      Excluido de préstamo Patrimonio Dominicano Patrimonio Dominicano Patrimonio Dominicano En catalogación 23.03.2011 LF1   26591-20 25.06.2020 e. 2 25.06.2020 Libro y Folleto Colección Patrimonio Dominicano

Con tecnología Koha